UBT Library

STRATEGIC COMMUNICATION IN BUSINESS AND THE PROFESSIONS (Record no. 36711)

000 -LEADER
fixed length control field 00327nam a22001337a 4500
008 - FIXED-LENGTH DATA ELEMENTS--GENERAL INFORMATION
fixed length control field 171031b xxu||||| |||| 00| 0 eng d
020 ## - INTERNATIONAL STANDARD BOOK NUMBER
International Standard Book Number 9780205561209
041 ## - LANGUAGE CODE
Language code of text/sound track or separate title eng
080 ## - UNIVERSAL DECIMAL CLASSIFICATION NUMBER
Edition identifier 6TH
Universal Decimal Classification number 33
100 ## - Rafti
Rafti 58
101 ## - Shkurtesa
Shkurtesa BUS
245 ## - TITLE STATEMENT
Title STRATEGIC COMMUNICATION IN BUSINESS AND THE PROFESSIONS
Statement of responsibility, etc O'HAIR,D
942 ## - ADDED ENTRY ELEMENTS (KOHA)
Source of classification or shelving scheme
Item type Books
Holdings
Withdrawn status Lost status Source of classification or shelving scheme Damaged status Not for loan Collection code Permanent location Current location Shelving location Date acquired Total Checkouts Full call number Barcode Date last seen Price effective from Koha item type
          Koleksioni i përgjithshem UBT - Lipjan UBT - Lipjan Koleksioni i përgjithshem 10/31/2017   33 OHA 002-2935271 10/31/2017 10/31/2017 Books
UBT Library © 2015-2024. All rights reserved University Education for Business and Technology